00000000nam##2200000za#4500
0019.646194
003CaOODSP
00520211126112848
007ta
008150407|1996||||xxc|||||     f|0| 0 eng|d
020 |a0-660-16444-2
040 |aCaOODSP|beng
043 |an-cn---
0861 |aFB2-9/1996E
1102 |aBank of Canada.
24514|aThe transmission of monetary policy in Canada
260 |aOttawa - Ontario : |bBank of Canada |c1996.
300 |a124p. : |bgraphs, references, tables ; |c28 cm.
500 |aContents: Uncertainty and the transmission of monetary policy in Canada.--The implementation of monetary policy in Canada.--Bank of Canada cash management: the main techniques for implementing monetary policy.--Buy-back techniques in the conduct of monetary policy.--From monetary policy instruments to administered interest rates: the transmission mechanism in Canada: a summary.--The use of indicators and of the monetary conditions index in Canada.--The role of monetary conditions and the monetary conditions index in the conduct of policy.--Empirical evidence on the strength of the monetary transmission mechanism in Canada: an aggregate approach.--The role of economic projections in Canadian monetary policy formulation.--Bank of Canada operations in financial markets.
563 |aSpiral binding
590 |a97-13|b1997-03-27
69007|aFinance|2gcpds
77508|tLa transmission de la politique monétaire au Canada |w(CaOODSP)9.679768
7760#|tThe transmission of monetary policy in Canada |w(CaOODSP)9.695915
986 |a893-49-90-554